Skład FC Barcelona 24/25 - Statystyki

Ogólne statystyki
  • Ten quiz został rozwiązany 619 razy
    616 od ostatniego zresetowania
  • Średni wynik to 22 z 31
Statystyki odpowiedzi
Pozycja Piłkarz % Poprawnych
Bramkarz Wojciech Szczęsny
99%
Ofensywa Robert Lewandowski
97%
Bramkarz Iñaki Peña
95%
Ofensywa Lamine Yamal
94%
Środek Pola Pedri
92%
Środek Pola Gavi
91%
Bramkarz Marc-André ter Stegen
91%
Ofensywa Ferran Torres
87%
Defensywa Jules Koundé
87%
Defensywa Pau Cubarsí
86%
Ofensywa Raphinha
86%
Defensywa Ronald Araújo
85%
Defensywa Alejandro Balde
84%
Środek Pola Dani Olmo
81%
Defensywa Iñigo Martínez
79%
Środek Pola Frenkie de Jong
77%
Środek Pola Fermín López
70%
Środek Pola Marc Casadó
67%
Ofensywa Pau Víctor
66%
Defensywa Andreas Christensen
65%
Defensywa Héctor Fort
65%
Defensywa Eric García
64%
Ofensywa Ansu Fati
63%
Środek Pola Marc Bernal
50%
Defensywa Gerard Martín
48%
Bramkarz Ander Astralaga
47%
Środek Pola Pablo Torre
45%
Bramkarz Diego Kochen
44%
Defensywa Sergi Domínguez
25%
Ofensywa Toni Fernández
23%
Defensywa Andrés Cuenca
12%
Nie znaleziono quizów pasujących do podanych kryteriów
Rozkład punktacji
Procent ludzi z każdym wynikiem
Percentyl według liczby udzielonych odpowiedzi
Twoja historia wyników
Nie rozwiązałeś tego quizu od ostatniego zresetowania